Mito y medición : un análisis de los efectos del salario mínimo /

Contiene: 1) Introducción al planteamiento general; 2) Las respuestas de los empleadores al salario mínimo: pruebas del sector de la comida rápida; 3) Pruebas estables de los efectos del salario mínimo de California de 1988; 4) Efecto del salario mínimo federal en los trabajadores con salarios bajos...

詳細記述

保存先:
書誌詳細
第一著者: Card, David (autor)
その他の著者: Krueger, Alan B. (autor) (autor), López Fatur, Carla (traducción) (traducción), Paradela López, David (traducción) (traducción)
フォーマット: 図書
言語:スペイン語
出版事項: México : Paidós, 2023, c2023
シリーズ:(Paidós Empresa) [s.n.]
主題:
タグ: タグ追加
タグなし, このレコードへの初めてのタグを付けませんか!

MARC

LEADER 00000nam^a2200000^a^4500
001 000564999
005 20250521000000.0
009 20260310132037.238
020 |a 978-607-569-402-3 
037 |a Acervo ITESO - Biblioteca 
041 |a ESP 
082 |a 331. 21  |b CAR 
100 |a Card, David  |e (autor) 
245 1 0 |a Mito y medición :  |b un análisis de los efectos del salario mínimo /  |c D. Card, A.B. Krueger ; tr. por C. López Fatur, D. Paradela López. 
264 4 |a México :  |b Paidós,  |c 2023, c2023 
300 |a 605 p. 
336 |a texto  |b txt  |2 rdacontenido 
337 |a sin mediación  |b n  |2 rdamedio 
338 |a volumen  |b nc  |2 rdasoporte 
440 1 |a (Paidós Empresa) [s.n.] 
500 |a Traducción de: Myth and Measurement: The New Economics of the Minimum Wage 
520 |a Contiene: 1) Introducción al planteamiento general; 2) Las respuestas de los empleadores al salario mínimo: pruebas del sector de la comida rápida; 3) Pruebas estables de los efectos del salario mínimo de California de 1988; 4) Efecto del salario mínimo federal en los trabajadores con salarios bajos: pruebas procedentes de comparaciones interestatales; 5) Efectos adicionales en el empleo; 6) Evaluación de pruebas basadas en series temporales; 7) Evaluación de pruebas basadas en datos transversales; 8) Una percepción internacional; 9) Efectos del salario mínimo en la distribución salarial, la distribución de los ingresos familiares y la pobreza; 10) ¿Cuánto pierden los empresarios y los accionistas?; 11) ¿Existe alguna explicación? Modelos alternativos del mercado laboral y el salario mínimo; 12) Conclusiones e implicaciones. 
649 |a XX 
650 |a Salario Mínimo -  |z EUA 
650 |a Salario Mínimo -  |x Tema Principal 
650 |a Sueldos y Salarios 
650 |a Distribución del Ingreso 
650 |a Empleo y Desempleo 
650 |a Mercado de Trabajo 
650 |a Política Laboral 
650 |a Política Económica -  |z EUA 
650 |a Política Económica 
650 |a Economía Laboral -  |z EUA 
650 |a Economía Laboral -  |x Tema Principal 
650 |a Econometría -  |x Tema Principal 
650 |a Análisis Económico 
650 |a Economía -  |x Metodología 
650 |a Economía -  |x Teoría 
650 |a Economía 
650 |a EUA -  |x Condiciones Económicas 
700 |a Krueger, Alan B.  |e (autor) 
700 |a López Fatur, Carla  |e (traducción) 
700 |a Paradela López, David  |e (traducción) 
910 |a Fondo General 
920 |a Impresos - Libros 
930 |a Colección General 
905 |a 101 
901 |a 0500398371  |b IT1  |c ACC  |i C182469  |u 20250521 
902 |a https://opac.biblio.iteso.mx/vufind/Record/000564999